1686 1319 1589 1823 1438 1328 1205 1742 1047 1170 1905 1159 1760 1989 1376 1022 1881 1932 1866 1432 1315 1108 1177 1215 1997 1075 1398 1762 1697 1169 1941 1135 1534 1291 1822 1704 1484 1658 1661 1888 1258 1559 1197 1815 1071 1968 1176 1834 1170 1110 1849 1130 1626 1995 1661 1946 1845 1577 1825 1937 1376 1908 1007 1263 1867 1171 1188 1048 1088 1101 1925 1669 1551 1812 1637 1272 1653 1566 1922 1839 1203 1503 1310 1207 1593 1149 1356 1288 1063 1283 1848 1713 1735 1160 1107 1444 1008 1704 1497 BCNSPRNW ULIB Ver.6.0+V

เปลี่ยนเป็นภาษาไทย

Change to English
 แสดงรายละเอียดบรรณานุกรม
  กลับหน้าหลัก

Brief Record : Get Marc (ISO 2709) : E-mail record : QR code < ปิดหน้าต่าง
LEADER : 00000nam 2200000uu 4500
001    13399114463
003     ULIB
008    111117s||||||||th 000 0 tha d
020    ^a9789748230764
060  4 ^aWY100^bอ275ก
100 0  อมร สุวรรณนิมิตร
245 00 การพยาบาลปฐมภูมิกับการสร้างพลังอำนาจชุมชน/^cอมร สุวรรณนิมิตร
250    ^aพิมพ์ครั้งที่ 1
260    ^aมหาสารคาม:^bคณะพยาบาลศาสตร์ มหาวิทยาลัยมหาสารคาม,^c2553
300    ^a400 หน้า
650  7 การพยาบาลปฐมภูมิ^xการสร้างพลังอำนาจชุมชน
710 1  มหาวิทยาลัยมหาสารคาม.^bคณะพยาบาลศาสตร์
945    ^p0^l0^i031587
995    ทศพร
999    ^aใช้งานได้ทุกระบบ
รายการนี้ยังไม่มีแท็ก
คุณยังไม่ได้ล็อกอิน คุณสามารถมีกิจกรรมร่วมกับเว็บไซต์ได้ แต่ต้องล็อกอินก่อน ::
  ล็อกอิน

รายการสื่อสารสนเทศ

ลำดับที่ ประเภท เลขเรียก/บาร์โค้ด สถานที่ สถานะ
1. วิทยาศาสตร์การแพทย์ และสุขภาพ
หนังสือสำรอง
สถานะ=หนังสือสำรอง
WY100 อ275ก ฉ.1 
  Barcode: 031587
ห้องสมุดวิทยาเขตสวรรค์ประชารักษ์
►ส่วนจัดเก็บหนังสือเก่า สปร
บนชั้น
  ขอยืม

รายการใกล้เคียง
    ผู้แต่ง [อมร สุวรรณนิมิตร]

BibComment


ยังไม่เคยถูกคอมเมนท์

คอมเมนท์ทรัพยากรรายการนี้
  คอมเมนท์: การพยาบาลปฐมภูมิก..


 Copyright 2026. Bcnsprnw @Library